000 01168nam2a22002531 4500
001 RU\NLR\INFOCOMM7\5000052974
005 20250617020834.0
035 _a(NLR Aleph) 002365753
090 _a4556601
_c4556601
100 _a20040208d1964 |||y0rusy50 ca
101 0 _arus
102 _aRU
105 _ay ||||000|y
200 1 _aЭлектронные вычислительные машины отечественного производства
_eОтечеств. литература за 1961-1963г.г.
_fА.Н. Белова
210 _d1964
_aБ. м.
461 0 _1001RU\NLR\INFOCOMM7\5000052070
_12001#$aБиблиографический указатель литературы$fМ-во радиопром. СССР$v№629
_94556227
_aСССР. Министерство радиопромышленности
_c[М.]
_d1961-
_fМ-во радиопром. СССР
_tБиблиографический указатель литературы
_v№629
700 1 _aБелова
_bА.Н.
_4070
801 1 _aRU
_bInfoComm
_c20040208
801 0 _aRU
_bNLR
_gPSBO
852 _aNLR
_jС359-410/Г72
942 _cISSUE
980 _aNB
980 _aRUSPER